| 000 | 00756nam a2200217Ia 4500 | ||
|---|---|---|---|
| 003 | GCL | ||
| 008 | 140319s9999 xx 000 0 ara d | ||
| 040 |
_aGCL / _cGCL |
||
| 082 | 0 | 4 |
_a631.2 _bع ت |
| 100 | 1 | _aعلى منصور حمزه | |
| 245 | 1 | 0 |
_aتكنولوجيا الزراعات المحمية باستخدام الصوبات الزراعية / _cعلى منصور حمزه |
| 260 |
_a[S.N] : _bدار الوفاء للطباعة والنشر والتوزيع ، _c1987 |
||
| 300 | _a279 ص | ||
| 490 | _a | ||
| 650 | 0 | 4 | _aنباتات الزينة |
| 650 | 0 | 4 | _aاشجار الفاكهة |
| 650 | 0 | 4 | _aالزراعة المحمية |
| 650 | 0 | 4 | _aالصوبات الزراعية |
| 650 | 0 | 4 | _aالتوسع الراسى |
| 942 |
_2ddc _cBK |
||
| 999 |
_c37067 _d37067 |
||